| 000 | 00342nam a2200133Ia 4500 | ||
|---|---|---|---|
| 005 | 20251222155206.0 | ||
| 008 | 251222s9999||||xx |||||||||||||| ||spa|| | ||
| 082 | _aEDUM.123 | ||
| 100 | _aVIOLETA ZAVALETA GUTIERREZ | ||
| 245 | 0 | _aTesis para optar el grado de magister en enfermerÃa | |
| 250 | _aNo ed. | ||
| 264 | _bNo tiene | ||
| 942 | _cLIB | ||
| 999 |
_c40102 _d40102 |
||